000 00958cab a2200241 4500
001 WB3213-45
008 090401t1996 xxu||||| |||| 00| 0 eng d
035 _a(Sirsi) u60749
041 _aeng
245 _aWithout prejudice correspondence
260 _c1996
350 _a0
490 _aEstates Gazette Case Summaries
_v[1996] EGCS 50, (1) (23/3/96)
520 _a"Peterborough CC v Manchetter Developments Ltd and others" CA 5 March 1996. Appeal against a ruling that M could not seek leave to amend defence of alleged breach of contract on land development agreement, to plead `unreasonable withholding of consent` for temporary alternative use, was allowed.
650 _aDEVELOPMENT AGREEMENT
650 _aFORFEITURE
650 _aPETERBOROUGH CC V MANCHETTER DEVELOPMENTS LTD AND OTHERS
650 _aWITHHOLDING CONSENT
650 _aWITHOUT PREJUDICE
690 _aLANDLORD AND TENANT-CASE LAW
942 _n0
948 _c04/03/1997
999 _c37538
_d37538